Statystyki dla Kraje ze swoją walutą #1

Kliknij tutaj aby rozwiązać quiz!

Ogólne statystyki

  • Ten quiz został rozwiązany 188 razy
  • Średni wynik to 8 z 15

Statystyki odpowiedzi

HintOdpowiedź% Poprawnych
NiemcyEuro
99%
FrancjaEuro
99%
KosowoEuro
99%
Wielka BrytaniaFunt
87%
RosjaRubel
74%
CzechyKorona Czeska
68%
SzwajcariaFrank Szwajcarski
66%
SzwecjaKorona Szwedzka
63%
BiałoruśRubel Białoruski
32%
WęgryForint węgierski
30%
UkrainaHrywna ukraińska
29%
TurcjaLira turecka
23%
BułgariaLewa
20%
AlbaniaLek Albański
17%
Bośnia i HercegowinaMarka Bośniacka
10%

Rozkład punktacji

Percentyl według liczby udzielonych odpowiedzi

Procent ludzi z każdym wynikiem

Twoja historia wyników

Nie rozwiązałeś tego quizu